[Event "Euro Online U2300 Day 1"]
[Site "chess.com INT"]
[Date "2020.05.25"]
[Round "1"]
[White "Fus, Jakub"]
[Black "Astafurov, Arseniy"]
[Result "1/2-1/2"]
[WhiteTitle "FM"]
[BlackTitle "FM"]
[WhiteElo "2370"]
[BlackElo "2330"]
[WhiteFideId "1193023"]
[BlackFideId "24175218"]
[EventDate "2020.05.25"]

1. c4 c6 2. Nf3 d5 3. d4 Nf6 4. Nc3 a6 5. c5 b6 6. cxb6 Qxb6 7. Na4 Qa7 8. Bd2
e6 9. Rc1 Be7 10. e3 a5 11. Qb3 Nfd7 12. Bd3 Ba6 13. O-O O-O 14. Bxa6 Qxa6 15.
Rc2 Qb5 16. Qxb5 cxb5 17. Nc3 b4 18. Na4 Na6 19. Rfc1 Rfb8 20. b3 f6 21. Rc6 Kf7
22. Ne1 Rb7 23. Nd3 Raa7 24. f3 Rc7 25. e4 dxe4 26. fxe4 Ndb8 27. Rxc7 Rxc7 28.
Rxc7 Nxc7 29. Bf4 Nba6 30. Kf2 Nb5 31. Ke3 Ke8 32. Ndb2 Kd7 33. Nc4 Bd8 34. Kd3
Kc6 35. Ne3 Nxd4 36. Kxd4 e5+ 37. Bxe5 fxe5+ 38. Kxe5 Bc7+ 39. Ke6 Bxh2 40. Kf7
Be5 41. Nc4 Bd4 42. e5 Nc7 43. e6 g5 44. g4 Kd5 45. e7 Ke4 46. Nd6+ Kf4 47. Nf5
Ba7 48. Nh6 Bd4 49. e8=Q Nxe8 50. Kxe8 Bg7 51. Nf5 Ba1 52. Nh6 Bg7 53. Nf5 Ba1
54. Nh6 Bg7 1/2-1/2

[Event "Euro Online U2300 Day 1"]
[Site "chess.com INT"]
[Date "2020.05.25"]
[Round "1"]
[White "Arakhamia-Grant, Ketevan"]
[Black "Safin, Robert"]
[Result "0-1"]
[WhiteTitle "GM"]
[BlackTitle "FM"]
[WhiteElo "2380"]
[BlackElo "2287"]
[WhiteFideId "13600168"]
[BlackFideId "34189120"]
[EventDate "2020.05.25"]

1. e4 c5 2. Nf3 e6 3. d4 cxd4 4. Nxd4 Nf6 5. Nc3 Nc6 6. Ndb5 Bc5 7. Nd6+ Ke7 8.
Bf4 e5 9. Nf5+ Kf8 10. Bg5 d6 11. Bc4 Be6 12. Bb3 h6 13. Bxf6 Qxf6 14. O-O Bxf5
15. Nd5 Qg5 16. exf5 Qxf5 17. c3 Ne7 18. Kh1 Nxd5 19. Qxd5 g6 20. f4 e4 21. Qxb7
Kg7 22. g4 Qf6 23. Qxe4 Rhe8 24. Qd5 Re2 25. g5 Qf5 26. gxh6+ Kh7 27. Qxf7+ Qxf7
28. Bxf7 Rf8 29. Bc4 Rxb2 30. Rae1 Kxh6 31. Re6 Kg7 32. Bd3 Rf6 33. Rfe1 Rxe6
34. Rxe6 Rd2 35. Bc4 Rf2 36. Re7+ Kh6 37. Rf7 Kh5 38. a4 Kg4 0-1

[Event "Euro Online U2300 Day 1"]
[Site "chess.com INT"]
[Date "2020.05.25"]
[Round "1"]
[White "Haring, Viktor"]
[Black "Hansen, Carsten"]
[Result "1/2-1/2"]
[WhiteTitle "FM"]
[BlackTitle "FM"]
[WhiteElo "2298"]
[BlackElo "2270"]
[WhiteFideId "14919400"]
[BlackFideId "1400444"]
[EventDate "2020.05.25"]

1. e4 c5 2. Nf3 Nc6 3. d4 cxd4 4. Nxd4 g6 5. Nc3 Bg7 6. Be3 Nf6 7. Bc4 Qa5 8.
O-O O-O 9. Bb3 d6 10. h3 Bd7 11. Re1 Rfe8 12. Qd3 Rac8 13. Rad1 Ne5 14. Qf1 Qa6
15. Qxa6 bxa6 16. Bc1 Nc4 17. Nd5 Nxd5 18. exd5 a5 19. Nc6 Bxc6 20. Bxc4 Bd7 21.
b3 a4 22. Bg5 Kf8 23. Re2 h6 24. Be3 Rc7 25. Bd4 Bf6 26. Bxf6 exf6 27. Rxe8+
Kxe8 28. f3 h5 29. Kf2 h4 30. Ke3 g5 31. f4 Bf5 32. Kd2 axb3 33. axb3 Kf8 34.
Rf1 Be4 35. Rf2 Rc5 36. Ke3 Bxd5 37. Bxd5 Rxd5 38. c4 Ra5 39. Kd4 Ke7 40. b4 Ra4
41. b5 Ke6 42. f5+ Kd7 43. Re2 Ra1 44. Rf2 Ra3 45. Rb2 Kc7 46. Kd5 Rd3+ 47. Ke4
Rg3 48. Ra2 Kb7 49. Kd5 Rd3+ 50. Ke4 Rd1 51. Ke3 Rf1 52. Ke4 Rd1 53. Ke3 Re1+
54. Kd4 Rd1+ 55. Ke4 Re1+ 56. Kd4 Rd1+ 57. Ke4 Re1+ 58. Kd5 Rd1+ 59. Ke4 1/2-1/2

[Event "Euro Online U2300 Day 1"]
[Site "chess.com INT"]
[Date "2020.05.25"]
[Round "1"]
[White "Pantovic, Dragan M"]
[Black "Caputcuoglu, Zeki Berke"]
[Result "0-1"]
[BlackTitle "CM"]
[WhiteElo "2051"]
[BlackElo "2138"]
[WhiteFideId "915211"]
[BlackFideId "34548610"]
[EventDate "2020.05.25"]

1. d4 Nf6 2. c4 g6 3. g3 Bg7 4. Bg2 O-O 5. Nf3 d6 6. O-O c5 7. dxc5 dxc5 8. Ne5
Nfd7 9. Nd3 Nc6 10. Nc3 Nce5 11. Nxe5 Nxe5 12. Qa4 Bd7 13. Qb3 Bc6 14. Rd1 Qc8
15. Nd5 Re8 16. Bg5 Bxd5 17. cxd5 Qc7 18. Rac1 Rad8 19. Qb5 b6 20. d6 exd6 21.
Bxd8 Rxd8 22. h3 Qe7 23. e4 Nd7 24. f4 Nf8 25. b4 Ne6 26. bxc5 dxc5 27. e5 Nd4
28. Qc4 Kh8 29. a4 f6 30. exf6 Qxf6 31. Re1 h5 32. a5 h4 33. axb6 axb6 34. gxh4
Qxf4 35. Rf1 Qe3+ 36. Kh1 Be5 37. Qc3 Qxc3 38. Rxc3 Ne2 39. Re3 Ng3+ 40. Kg1 Bd4
41. Rf3 Nf5 42. Kf2 Nxe3 43. Rxe3 Re8 0-1

[Event "Euro Online U2300 Day 1"]
[Site "chess.com INT"]
[Date "2020.05.25"]
[Round "1"]
[White "Ozenir, Ekin Baris"]
[Black "Kuhn, Clement"]
[Result "1-0"]
[WhiteTitle "IM"]
[BlackTitle "CM"]
[WhiteElo "2309"]
[BlackElo "2150"]
[WhiteFideId "6357415"]
[BlackFideId "36099775"]
[EventDate "2020.05.25"]

1. d4 Nf6 2. c4 g6 3. Nc3 Bg7 4. e4 d6 5. Be2 O-O 6. Nf3 Nbd7 7. Be3 e5 8. d5 a5
9. Nd2 Nc5 10. g4 Ne8 11. h4 f5 12. exf5 gxf5 13. gxf5 Bxf5 14. Bxc5 dxc5 15.
Bg4 Nd6 16. Qe2 b6 17. O-O-O a4 18. a3 Bxg4 19. Qxg4 Rxf2 20. h5 Kh8 21. h6 Bf6
22. Rhf1 Rxf1 23. Rxf1 Bg5 24. Kb1 Qe7 25. Nde4 Bf4 26. Rg1 Bxh6 27. Nxd6 cxd6
28. Nxa4 Bg7 29. Nxb6 Rb8 30. Na4 e4 31. Re1 e3 32. Qe6 Qxe6 33. dxe6 Bd4 34.
Kc2 Kg7 35. Nc3 Kf6 36. b3 Kxe6 37. Nd5 Rf8 38. Nxe3 Rf2+ 39. Kd3 Be5 40. Ng4
Rf3+ 41. Re3 Rxe3+ 42. Kxe3 Bb2 43. a4 h5 44. Nf2 Bc3 45. Ke4 h4 46. Nh3 Kd7 47.
Kd5 Be5 48. Ke4 Kc6 49. Kf3 Kb6 50. Kg4 Bg3 51. Ng5 Ka5 52. Nf3 Kb4 53. Nxh4 Be5
54. Nf5 Kxb3 55. a5 Kxc4 56. a6 d5 57. a7 d4 58. a8=Q Kd3 59. Qf3+ Kd2 60. Qd5
d3 61. Qxe5 c4 62. Qe3+ Kc2 63. Qd4 c3 64. Ne3+ Kd2 65. Nc4+ Kc2 66. Na3+ Kb3
67. Qxd3 Kxa3 68. Qxc3+ Ka4 69. Qb2 Ka5 70. Qb3 Ka6 71. Qb4 Ka7 72. Qb5 Ka8 73.
Kf5 Ka7 74. Ke6 Ka8 75. Kd7 Ka7 76. Kc7 Ka8 77. Qa5# 1-0

[Event "Euro Online U2300 Day 1"]
[Site "chess.com INT"]
[Date "2020.05.25"]
[Round "1"]
[White "Medar, Marti"]
[Black "Khojayan, Vardan"]
[Result "1/2-1/2"]
[WhiteElo "2019"]
[BlackElo "2266"]
[WhiteFideId "4501870"]
[BlackFideId "13303520"]
[EventDate "2020.05.25"]

1. d4 Nf6 2. Bf4 d5 3. e3 e6 4. c3 Bd6 5. Bg3 O-O 6. Nd2 c5 7. Ngf3 Nc6 8. Ne5
Qc7 9. f4 Nd7 10. Bd3 f5 11. O-O c4 12. Bc2 b5 13. Bh4 Nf6 14. h3 Ne4 15. g4
Nxe5 16. fxe5 Be7 17. Nxe4 fxe4 18. Rxf8+ Bxf8 19. g5 Qf7 20. Qg4 Bd7 21. Rf1
Qg6 22. Bg3 Be7 23. h4 Rf8 24. Rxf8+ Kxf8 25. Bf4 h5 26. Qg3 Qf5 27. Bd1 g6 28.
Kg2 a5 29. a3 Kg7 30. Qe1 Qf8 31. Qd2 b4 32. axb4 axb4 33. Bg3 Qa8 34. Be1 b3
35. Qc1 Qa2 36. Qd2 Qb1 37. Kg3 Ba4 38. Kh3 Qa1 39. Kg3 Ba3 40. bxa3 b2 41. Qf2
Qxd1 42. Qf6+ Kg8 43. Qxe6+ Kf8 44. Qd6+ Ke8 45. Qb8+ Kd7 46. Qb7+ Kd8 47. Qb8+
Kd7 48. Qb7+ Kd8 49. Qb8+ Kd7 1/2-1/2

[Event "Euro Online U2300 Day 1"]
[Site "chess.com INT"]
[Date "2020.05.25"]
[Round "1"]
[White "Voyska, Margarita"]
[Black "Berdnyk, Mariia"]
[Result "0-1"]
[WhiteTitle "WGM"]
[BlackTitle "FM"]
[WhiteElo "2219"]
[BlackElo "2324"]
[WhiteFideId "2900602"]
[BlackFideId "14137054"]
[EventDate "2020.05.25"]

1. e4 c5 2. Nf3 d6 3. Bc4 Nf6 4. d3 e6 5. O-O Be7 6. Bb3 O-O 7. Re1 Nc6 8. c3 b5
9. Nbd2 Bb7 10. Nf1 Qc7 11. Ng3 Rac8 12. h3 a5 13. a3 a4 14. Ba2 Na5 15. Bf4 e5
16. Bg5 c4 17. d4 h6 18. Bd2 Nb3 19. Bxb3 cxb3 20. d5 Rfe8 21. Nf5 Bf8 22. Nh2
Qc4 23. Qf3 Nh7 24. Ng4 Kh8 25. Nfxh6 gxh6 26. Bxh6 Qc7 27. Qf5 Qe7 28. Re3 Rc7
29. Rf3 Bc8 30. Qh5 Bxg4 31. hxg4 Bxh6 32. Qxh6 f6 33. Rh3 Qg7 34. Qh5 Rg8 35.
f3 Qg5 36. Qxg5 Rxg5 37. Kf2 Rg8 38. Rah1 Rgg7 39. Rh6 Kg8 40. g3 Nf8 41. Rxf6
b4 42. axb4 Rh7 43. Rxh7 Rxh7 44. Kg2 a3 0-1

[Event "Euro Online U2300 Day 1"]
[Site "chess.com INT"]
[Date "2020.05.25"]
[Round "1"]
[White "Tereladze, Sopiko"]
[Black "Basa, Manasvita"]
[Result "1-0"]
[WhiteTitle "WIM"]
[WhiteElo "2141"]
[BlackElo "1711"]
[WhiteFideId "13600486"]
[BlackFideId "1060228"]
[EventDate "2020.05.25"]

1. d4 d5 2. Nf3 Bf5 3. Bf4 Nf6 4. e3 c5 5. c3 Nc6 6. Bd3 Bg6 7. O-O e6 8. Ne5
Rc8 9. Nxg6 hxg6 10. Nd2 Bd6 11. Qf3 g5 12. Bxd6 Qxd6 13. Qg3 Qxg3 14. hxg3 c4
15. Bc2 Ke7 16. f3 g4 17. f4 Nh5 18. Kf2 f5 19. Rh1 Rh6 20. Rh4 Rch8 21. Rah1
Nf6 22. Rxh6 gxh6 23. b3 b5 24. Rb1 Rb8 25. Rh1 b4 26. Rc1 bxc3 27. Nb1 Nb4 28.
Nxc3 cxb3 29. axb3 Nxc2 30. Rxc2 Rxb3 31. Ke2 a5 32. Kd2 Ra3 33. Kc1 Ne4 34.
Nxe4 dxe4 35. Kd2 a4 36. Rb2 Rd3+ 37. Ke2 a3 38. Rb6 Kd7 39. Ra6 Ke7 40. Ra7+
Kf6 41. Ra6 Rb3 42. d5 Rb2+ 43. Kd1 a2 44. d6 Kf7 45. Ra8 Rxg2 46. d7 Ke7 47.
d8=Q+ Kf7 48. Ra7+ Kg6 49. Qe8+ Kf6 50. Qf7# 1-0

[Event "Euro Online U2300 Day 1"]
[Site "chess.com INT"]
[Date "2020.05.25"]
[Round "1"]
[White "Maugenest, Ghislain"]
[Black "Usmanov, Ilnur"]
[Result "1-0"]
[WhiteElo "2013"]
[BlackElo "2147"]
[WhiteFideId "36029483"]
[BlackFideId "4111303"]
[EventDate "2020.05.25"]

1. d4 d5 2. c4 c6 3. Nc3 Nf6 4. Nf3 a6 5. c5 Bf5 6. Bf4 Nbd7 7. h3 e6 8. e3 h6
9. g4 Bh7 10. Bd3 Bxd3 11. Qxd3 b6 12. b4 a5 13. b5 Rc8 14. cxb6 Qxb6 15. O-O
Bb4 16. Rab1 O-O 17. Rfc1 cxb5 18. Nxb5 Ne4 19. a3 Rxc1+ 20. Rxc1 Bd6 21. Bxd6
Nxd6 22. Nxd6 Qxd6 23. Qc3 Ra8 24. Qc6 Qxc6 25. Rxc6 Rb8 26. Ra6 Nb6 27. Ne5 a4
28. Kf1 Rb7 29. Ke2 f6 30. Nd3 Kf7 31. Nc5 Rb8 32. Ra7+ Ke8 33. Nxe6 Nc4 34.
Nxg7+ Kf8 35. Ne6+ Kg8 36. Rxa4 Rb2+ 37. Kf3 Ra2 38. Nf4 Nd2+ 39. Kg2 Ne4 40.
Nxd5 Rxf2+ 41. Kg1 Ra2 42. Ra8+ Kg7 43. a4 Ng5 44. Nf4 Rd2 45. Kf1 Nf3 46. Ne2
Ng5 47. a5 Nf3 48. a6 Nh2+ 49. Kf2 Ra2 50. a7 h5 51. gxh5 f5 52. h6+ Kh7 53. d5
f4 54. exf4 1-0

[Event "Euro Online U2300 Day 1"]
[Site "chess.com INT"]
[Date "2020.05.25"]
[Round "1"]
[White "Bivol, Alina"]
[Black "Podetti, Davide"]
[Result "1-0"]
[WhiteTitle "WGM"]
[WhiteElo "2386"]
[BlackElo "2173"]
[WhiteFideId "4100123"]
[BlackFideId "893617"]
[EventDate "2020.05.25"]

1. Nf3 d5 2. g3 Nf6 3. Bg2 e6 4. d4 c5 5. dxc5 Bxc5 6. c4 O-O 7. cxd5 Qxd5 8.
O-O Nc6 9. Nc3 Qh5 10. a3 a6 11. Qc2 Bd7 12. Bg5 Be7 13. Rfd1 Rfd8 14. h3 Rac8
15. Rac1 Be8 16. g4 Qg6 17. Qxg6 hxg6 18. Na4 b5 19. Nc3 Na5 20. Ne5 Nc4 21.
Nxc4 Rxc4 22. Rxd8 Bxd8 23. Rd1 Be7 24. Bb7 b4 25. axb4 Rxb4 26. Bxa6 Rxb2 27.
Bd3 Rb7 28. Ra1 Bb4 29. Nd1 Rb8 30. Ne3 Bc5 31. Nc4 Nd5 32. Bh4 Rc8 33. Bg3 Rd8
34. Be4 Nc3 35. Bf3 Bb5 36. Be5 Rd1+ 37. Rxd1 Nxd1 38. Nd6 Ba6 39. e3 f6 40. Ne4
fxe5 41. Nxc5 1-0

[Event "Euro Online U2300 Day 1"]
[Site "chess.com INT"]
[Date "2020.05.25"]
[Round "1"]
[White "Sieber, Fiona"]
[Black "Mica, Marek"]
[Result "0-1"]
[WhiteTitle "WIM"]
[BlackTitle "FM"]
[WhiteElo "2201"]
[BlackElo "2324"]
[WhiteFideId "12902373"]
[BlackFideId "382884"]
[EventDate "2020.05.25"]

1. e4 c6 2. d4 d5 3. e5 Bf5 4. Nf3 e6 5. Be2 Nd7 6. O-O Ne7 7. Nh4 Bg6 8. Nd2 c5
9. c3 Nc6 10. Nxg6 hxg6 11. Nf3 Be7 12. g3 Rc8 13. h4 Qb6 14. Rb1 cxd4 15. cxd4
Na5 16. b3 a6 17. Bg5 Nc6 18. Bxe7 Nxe7 19. Qd2 Nb8 20. b4 Nf5 21. b5 a5 22. a4
Nd7 23. Kg2 Qa7 24. Rh1 Nb6 25. g4 Nh6 26. Ng5 Nc4 27. Bxc4 Rxc4 28. b6 Qa6 29.
Rhc1 O-O 30. h5 gxh5 31. Qd3 g6 32. gxh5 Rxc1 33. Qxa6 bxa6 34. Rxc1 Rb8 35.
hxg6 fxg6 36. Rc6 Nf5 37. Nxe6 Ne7 38. Rd6 Kf7 39. Ng5+ Ke8 40. Kf3 Nf5 41. Rxg6
Nxd4+ 42. Ke3 Nf5+ 43. Kf4 Ne7 44. Re6 Kd7 45. Rd6+ Ke8 46. Rh6 Kd7 47. Ne6 Rxb6
48. Nc5+ Kc7 49. Nxa6+ Kb7 50. Nc5+ Kc7 51. Rxb6 Kxb6 52. Nd7+ Kc6 53. e6 Kd6
54. Nf8 Nc6 55. Kf5 Ne7+ 56. Kf6 d4 57. f4 d3 58. Ng6 Nxg6 59. Kxg6 d2 60. Kf7
d1=Q 61. e7 Qd5+ 62. Kf8 Qf5+ 63. Ke8 Qd7+ 0-1

[Event "Euro Online U2300 Day 1"]
[Site "chess.com INT"]
[Date "2020.05.25"]
[Round "1"]
[White "Josse, Mark"]
[Black "Raeber, Markus"]
[Result "0-1"]
[WhiteTitle "CM"]
[WhiteElo "2235"]
[BlackElo "2237"]
[WhiteFideId "414476"]
[BlackFideId "1302108"]
[EventDate "2020.05.25"]

1. c4 Nf6 2. Nc3 g6 3. g3 Bg7 4. Bg2 O-O 5. e3 d6 6. Nge2 h5 7. h3 e5 8. O-O Nc6
9. d4 exd4 10. Nxd4 Bd7 11. Nde2 a5 12. b3 Qc8 13. Kh2 Re8 14. Bb2 h4 15. g4 Ne5
16. Nf4 a4 17. Rc1 axb3 18. axb3 Nh7 19. Nfd5 Ra6 20. Qd2 Nxg4+ 21. hxg4 Bxg4
22. f3 h3 23. Bh1 Be6 24. e4 c6 25. Nb4 Ra8 26. Na4 Bxb2 27. Qxb2 Qc7 28. f4 Qa5
29. Nd3 Qh5 30. Qf2 Nf6 31. Bf3 Bg4 32. Kh1 Nxe4 33. Bxe4 Rxe4 34. Rce1 Be2 35.
Rxe2 Rxe2 36. Qf3 Qxf3+ 37. Rxf3 h2 38. Rf2 Re3 39. Rd2 b5 40. cxb5 cxb5 41. Nb6
Ra1+ 42. Kxh2 Kg7 43. Nd5 Re4 44. Kg2 Rd4 45. Ne3 Rb1 46. Nc2 Rd5 47. Ne3 Rh5
48. b4 Rhh1 49. Kf3 Rh3+ 50. Ke4 Rb3 51. f5 Rh4+ 52. Kd5 g5 53. Nc2 Rc3 54. Kxd6
Rxc2 55. Rxc2 Rd4+ 56. Kc5 Rxd3 57. Kxb5 g4 58. Kc4 Rf3 59. Rg2 g3 60. b5 Kf6
61. b6 Rf4+ 62. Kc5 Rxf5+ 63. Kc6 Rf3 64. b7 Rc3+ 65. Kd7 Rb3 66. Kc8 Rc3+ 67.
Kb8 Kf5 68. Ra2 Kg4 69. Ka7 Rb3 70. b8=Q Rxb8 71. Kxb8 f5 72. Kc7 f4 73. Kd6 f3
74. Ke5 f2 75. Ra1 g2 76. Ra4+ Kg5 77. Ra2 g1=Q 0-1

[Event "Euro Online U2300 Day 1"]
[Site "chess.com INT"]
[Date "2020.05.25"]
[Round "1"]
[White "Marn, Jan"]
[Black "Gabriel, Josef"]
[Result "1-0"]
[WhiteTitle "FM"]
[WhiteElo "2360"]
[BlackElo "2046"]
[WhiteFideId "14619245"]
[BlackFideId "4609948"]
[EventDate "2020.05.25"]

1. d4 d6 2. c4 g6 3. Nc3 Bg7 4. e4 e5 5. d5 Nf6 6. Nf3 O-O 7. Be2 a5 8. Bg5 h6
9. Be3 Nbd7 10. h3 b6 11. g4 Nc5 12. Nd2 Kh7 13. h4 Ng8 14. g5 f5 15. h5 f4 16.
Bxc5 bxc5 17. hxg6+ Kxg6 18. gxh6 Nxh6 19. Nf3 Bf6 20. Qc2 Ng4 21. O-O-O Rh8 22.
Rhg1 Kf7 23. Ng5+ Bxg5 24. Bxg4 f3+ 25. Kb1 Rh2 26. Bxf3 Be3 27. Rg2 Rxg2 28.
Bxg2 Bf4 29. Qe2 Qg5 30. Bf3 Ba6 31. Rh1 Rg8 32. Nb5 Bxb5 33. cxb5 Rg7 34. b6
cxb6 35. Qb5 Qe7 36. Qxb6 Bd2 37. Bh5+ Kf6 38. Qb8 Kg5 39. Qc8 Qd7 40. Qf8 Bf4
41. Be8 Rh7 42. Rg1+ Qg4 43. Qg8+ Kh6 44. Rh1+ 1-0

[Event "Euro Online U2300 Day 1"]
[Site "chess.com INT"]
[Date "2020.05.25"]
[Round "1"]
[White "Uhmann, Jan"]
[Black "Tomaszewski, Roman"]
[Result "0-1"]
[BlackTitle "IM"]
[WhiteElo "2009"]
[BlackElo "2206"]
[WhiteFideId "306363"]
[BlackFideId "1100637"]
[EventDate "2020.05.25"]

1. e4 Nf6 2. e5 Nd5 3. c4 Nb6 4. d4 d6 5. Nf3 Bg4 6. Be2 e6 7. O-O Be7 8. b3 O-O
9. Qc2 Nc6 10. exd6 cxd6 11. Bb2 Bf6 12. Rd1 d5 13. cxd5 Nxd5 14. Nbd2 Ncb4 15.
Qb1 Bf5 16. Ne4 Rc8 17. Bd3 Be7 18. a3 Nxd3 19. Qxd3 Qb6 20. Nfd2 Rfd8 21. Nc4
Qa6 22. Qf3 Qb5 23. a4 Qe8 24. Rac1 Rc7 25. Ncd6 Bxd6 26. Nxd6 Rxd6 27. Rxc7
Nxc7 28. Qxb7 Nd5 29. Qxa7 Rd7 30. Qa5 Bc2 31. Rc1 Rc7 32. b4 Qb8 33. b5 Ra7 34.
Qd2 Bxa4 35. Ra1 Bxb5 36. Rxa7 Qxa7 37. h3 h6 38. Kh2 Qa4 39. Qc1 Qc4 40. Qa1
Qe2 41. Qa8+ Kh7 42. Bc1 Qe4 43. Qb8 Bf1 44. Qg3 Qg6 45. Qf3 Bd3 46. Bf4 Be4 47.
Qg3 Nxf4 0-1

[Event "Euro Online U2300 Day 1"]
[Site "chess.com INT"]
[Date "2020.05.25"]
[Round "1"]
[White "Matic, Zeljko"]
[Black "Xylogiannopoulos, Antonios"]
[Result "1-0"]
[WhiteElo "2144"]
[BlackElo "2267"]
[WhiteFideId "14505690"]
[BlackFideId "4215133"]
[EventDate "2020.05.25"]

1. Nf3 e6 2. g3 f5 3. Bg2 Nf6 4. O-O Be7 5. d3 O-O 6. Nbd2 d6 7. b3 e5 8. Bb2 c6
9. c4 h6 10. Qc2 Na6 11. a3 g5 12. b4 c5 13. Bc3 Qe8 14. bxc5 Nxc5 15. d4 e4 16.
dxc5 exf3 17. Bxf3 dxc5 18. Rab1 Bd6 19. Bxb7 Rb8 20. Bxc8 Qxc8 21. Rxb8 Bxb8
22. Rb1 Ng4 23. Qd3 Qe6 24. Rb7 Ne5 25. Qd5 Qxd5 26. cxd5 Rd8 27. Rxb8 Rxb8 28.
Bxe5 Rd8 29. d6 Kf7 30. f4 Ke6 31. Kf2 Kd5 32. Ke3 c4 33. Nb1 Rd7 34. Nc3+ Kc5
35. fxg5 hxg5 36. h4 f4+ 37. Kf3 fxg3 38. Kxg3 gxh4+ 39. Kxh4 Rf7 40. Kg3 Kc6
41. Bf4 Rb7 42. Kf3 Rb3 43. Be5 Rxa3 44. Ke4 Kd7 45. Kd4 Ra5 46. Ne4 Ke6 47. Bf4
Kf5 48. Bh2 Ke6 49. Nc5+ Kf7 50. d7 Rxc5 51. Kxc5 Ke7 52. Kxc4 Kxd7 53. e4 Ke6
54. Kb5 Kf6 55. Ka6 Kg5 56. Kxa7 Kg4 57. Bc7 Kf3 58. e5 1-0

[Event "Euro Online U2300 Day 1"]
[Site "chess.com INT"]
[Date "2020.05.25"]
[Round "1"]
[White "Kamer, Kayra"]
[Black "Maletina, Tatiana"]
[Result "1-0"]
[WhiteTitle "FM"]
[BlackTitle "WIM"]
[WhiteElo "2325"]
[BlackElo "2270"]
[WhiteFideId "6367879"]
[BlackFideId "24145084"]
[EventDate "2020.05.25"]

1. e4 c6 2. d4 d5 3. f3 dxe4 4. fxe4 e5 5. Nf3 exd4 6. Bc4 Nf6 7. O-O Be6 8.
Bxe6 fxe6 9. Nxd4 Bc5 10. Be3 O-O 11. Nc3 Nbd7 12. Qe2 Qe7 13. Kh1 Rad8 14. Rad1
Kh8 15. Qc4 Rde8 16. Bg5 Ne5 17. Qe2 Qf7 18. Nf3 Qh5 19. Bxf6 gxf6 20. Nxe5 Qxe5
21. Qf3 Re7 22. Qf4 Qh5 23. e5 f5 24. Ne4 Bb6 25. Nf6 Qg6 26. Rd3 Rg7 27. Rg3
Qf7 28. Rxg7 Qxg7 29. Rd1 Rd8 30. Rxd8+ Bxd8 31. Qd4 Qc7 32. Ne8 Qe7 33. Nd6 Bb6
34. Qd1 Qh4 35. g3 Qd4 36. Qxd4 Bxd4 37. c3 Bxe5 38. Nf7+ Kg7 39. Nxe5 Kf6 40.
Nc4 e5 41. Kg2 Ke6 42. Na5 Kd5 43. Kf2 b6 44. Nb3 a5 45. Ke3 h5 46. Nd2 a4 47.
b3 axb3 48. axb3 b5 49. Nf3 c5 50. Nh4 Ke6 51. Ng2 Kd5 52. Ne1 c4 53. b4 Ke6 54.
Ng2 Kd5 55. Nh4 Ke6 56. Nf3 Kf6 57. h3 Ke6 58. Ne1 Kd5 59. Nc2 Kd6 60. Kf3 Kd5
61. Ne3+ Ke6 62. g4 hxg4+ 63. hxg4 fxg4+ 64. Kxg4 Kf6 65. Kf3 Ke6 66. Ke4 Kd6
67. Ng4 Ke6 68. Nxe5 Kd6 69. Nf3 Kc6 70. Nd4+ Kb6 71. Kd5 Kb7 72. Kc5 Ka6 73.
Kc6 Ka7 74. Nxb5+ Kb8 75. Nd6 Ka8 76. Nxc4 Ka7 77. Kc7 Ka8 78. b5 Ka7 79. b6+
Ka6 80. b7 Ka7 81. b8=Q+ Ka6 82. Qb6# 1-0

[Event "Euro Online U2300 Day 1"]
[Site "chess.com INT"]
[Date "2020.05.25"]
[Round "1"]
[White "Stan, Andrei-Mihaita"]
[Black "Pham, Khoi"]
[Result "1-0"]
[WhiteElo "2044"]
[BlackElo "2048"]
[WhiteFideId "1232118"]
[BlackFideId "1054988"]
[EventDate "2020.05.25"]

1. d4 Nf6 2. c4 g6 3. Nc3 Bg7 4. e4 d6 5. f3 O-O 6. Be3 a6 7. Qd2 Nbd7 8. O-O-O
b5 9. cxb5 axb5 10. Bxb5 Ba6 11. Bxa6 Rxa6 12. Bh6 Qa8 13. Bxg7 Kxg7 14. h4 c5
15. Nge2 cxd4 16. Qxd4 Rc8 17. Kb1 Ne5 18. f4 Nc6 19. Qe3 Nb4 20. a3 Rxa3 21.
bxa3 Qxa3 22. Qc1 Qa6 23. Qb2 Nd3 24. Rxd3 Qxd3+ 25. Ka1 Ra8+ 26. Na2 Qxe4 27.
Nc3 Qxf4 28. Nd5 Qe4 29. Nxf6 exf6 30. h5 g5 31. h6+ Kg6 32. Rf1 Qe5 33. Qxe5
fxe5 34. Kb2 d5 35. Nc3 d4 36. Nd5 Rf8 37. Rf6+ Kh5 38. Kc2 Kg4 39. Kd3 Kg3 40.
Rf5 Kxg2 41. Rxg5+ Kf3 42. Rxe5 f5 43. Kxd4 Kg4 44. Re7 Kg5 45. Rxh7 Kg6 46.
Rg7+ Kxh6 47. Rg1 f4 48. Ke4 f3 49. Nf4 f2 50. Rf1 Kg5 51. Ne6+ 1-0

[Event "Euro Online U2300 Day 1"]
[Site "chess.com INT"]
[Date "2020.05.25"]
[Round "1"]
[White "Svane, Frederik"]
[Black "Acs, Gabor"]
[Result "1-0"]
[WhiteElo "2421"]
[BlackElo "1977"]
[WhiteFideId "12923044"]
[BlackFideId "719536"]
[EventDate "2020.05.25"]

1. e4 e5 2. Nf3 Nc6 3. Bb5 a6 4. Ba4 d6 5. O-O Bd7 6. c3 g6 7. d4 Bg7 8. h3 Nge7
9. d5 Nb8 10. c4 Bxa4 11. Qxa4+ Nd7 12. b4 O-O 13. Nc3 h6 14. Be3 f5 15. Rac1 f4
16. Bd2 g5 17. Qd1 Ng6 18. Nh2 Nf6 19. Ng4 Qe7 20. Nxf6+ Qxf6 21. Qg4 Rf7 22.
Qe6 Nf8 23. Qxf6 Bxf6 24. f3 h5 25. Kf2 a5 26. a3 g4 27. hxg4 hxg4 28. Rh1 axb4
29. axb4 Rg7 30. Be1 Nd7 31. Ke2 Ra3 32. Bf2 gxf3+ 33. gxf3 Rb3 34. Kd3 Rxb4 35.
Rb1 Nc5+ 36. Bxc5 dxc5 37. Rxb4 cxb4 38. Ne2 c5 39. Ra1 Rh7 40. Ra8+ Kf7 41. Rc8
Rh3 42. Rxc5 Rxf3+ 43. Kd2 Ra3 44. Rc7+ Kg6 45. Rxb7 b3 46. Nc3 f3 47. c5 Bg5+
48. Kd3 Ra2 49. c6 Rd2+ 50. Kc4 f2 51. c7 f1=Q+ 52. Kxb3 Qd3 53. c8=Q Rc2 54.
Qf5+ 1-0

[Event "Euro Online U2300 Day 1"]
[Site "chess.com INT"]
[Date "2020.05.25"]
[Round "1"]
[White "Golubenko, Valentina"]
[Black "Alexakis, Dimitris"]
[Result "0-1"]
[WhiteTitle "WGM"]
[BlackTitle "FM"]
[WhiteElo "2209"]
[BlackElo "2450"]
[WhiteFideId "4501993"]
[BlackFideId "4277023"]
[EventDate "2020.05.25"]

1. d4 Nf6 2. c4 e6 3. g3 Bb4+ 4. Bd2 a5 5. Bg2 O-O 6. e4 d6 7. a3 Bxd2+ 8. Nxd2
a4 9. Ne2 c5 10. O-O Qb6 11. dxc5 dxc5 12. Nc3 Qxb2 13. Qc1 Qxc1 14. Rfxc1 Nc6
15. Rab1 Rd8 16. Rd1 Nd4 17. Nf3 Kf8 18. h3 Nxf3+ 19. Bxf3 Rxd1+ 20. Bxd1 Ke7
21. Nxa4 Nd7 22. f4 f6 23. Rb5 Kd6 24. Kf2 Kc6 25. e5 fxe5 26. Bc2 exf4 27. gxf4
g6 28. Be4+ Kd6 29. Bc2 Ra6 30. Kf3 b6 31. Rb3 Bb7+ 32. Kg4 Bc6 33. Nc3 Ra8 34.
Nb5+ Bxb5 35. cxb5 Nf6+ 36. Kg5 Nd5 37. Kh6 c4 38. Rf3 c3 39. Kxh7 Rxa3 40. Bxg6
c2 41. Bxc2 Rxf3 42. h4 Rxf4 43. h5 Nf6+ 44. Kg6 Nxh5 45. Kxh5 Rb4 46. Bd3 Kd5
47. Kg5 e5 48. Kf5 e4 49. Be2 Kd4 50. Kf4 Rb2 51. Bf1 Rf2+ 0-1